[Event "Olympiad Women 2024"]
[Site "Budapest HUN"]
[Date "2024.09.21"]
[Round "10.29"]
[Board "2"]
[White "Milovic, Aleksandra"]
[Black "Caxita, Esperanca"]
[Result "0-1"]
[WhiteElo "2121"]
[BlackElo "1932"]
[PlyCount "180"]
[EventDate "2024.09.11"]
[WhiteTeam "Montenegro"]
[BlackTeam "Angola"]
[WhiteTeamCountry "MNE"]
[BlackTeamCountry "ANG"]

1. e4 d5 2. exd5 Qxd5 3. Nc3 Qd6 4. d4 Nf6 5. Nf3 Nc6 6. Nb5 Qd8 7. Be2 a6 8. Na3 Bg4 9. O-O e6 10. Nc4 Be7 11. c3 O-O 12. h3 Bh5 13. a4 $146 ({RR} 13. Bf4 Nd5 14. Bg3 b5 15. Ncd2 Bd6 16. Ne4 Bxg3 17. Nxg3 Bg6 18. Qd2 Qd6 19. a4 Na5 20. Qd1 b4 21. c4 Nf4 22. Re1 c5 23. Bf1 Rfd8 24. Ne4 Bxe4 25. Rxe4 cxd4 26. g3 Ng6 27. Rxd4 Qc7 {0-1 Carlsen,M (2830)-Abdusattorov,N (2766) Superbet POL Blitz 2024 (3.2)}) 13... Re8 14. Bf4 Nd5 15. Bh2 Bf6 16. Re1 Rb8 17. Qd2 h6 18. Rad1 b5 19. axb5 axb5 20. Nce5 Nxe5 21. Nxe5 Bxe2 22. Nc6 Qc8 23. Qxe2 Rb7 24. Ra1 Rb6 25. Ne5 c6 26. Ra7 Ra6 27. Ra1 Rxa1+ 28. Rxa1 Qb7 29. Nd3 Ra8 30. Qd1 Be7 31. Be5 Rxa1 32. Qxa1 f6 33. Bg3 Kf7 34. h4 h5 35. Qd1 g6 36. Qc2 Qa6 37. Kh2 Qa2 38. Bf4 Bf8 39. Bc1 Bd6+ 40. g3 Qc4 41. Bd2 Qa2 42. Qd1 Nb6 43. Qf3 Qd5 44. Qe2 Qc4 45. Qe3 Qd5 46. Nf4 Qf5 47. b3 Qg4 48. Kg2 Qf5 49. Qf3 Bxf4 50. Qxf4 Qxf4 51. Bxf4 Nd5 52. Bd2 Ke7 53. Kf3 Kd6 54. Ke4 e5 55. dxe5+ fxe5 56. f3 Nf6+ 57. Kd3 Nd7 58. b4 Kd5 59. Be3 Nf6 60. Bg5 Ne8 61. Be7 Ng7 62. g4 Ne6 63. Bf6 Nf4+ 64. Ke3 Ke6 65. Bg5 Nd5+ 66. Kd3 Nb6 67. Ke4 Na4 68. Bd2 Nb6 69. Bg5 Nc4 70. Bh6 Nd6+ 71. Kd3 Kd5 72. Bf8 Nc4 73. gxh5 gxh5 74. Bg7 Nd6 75. Bf8 Nf5 76. Bc5 Nxh4 77. Ke2 Nf5 78. Kd3 h4 79. Bg1 Ng3 80. Bf2 Nf5 81. Bg1 h3 82. Bh2 Nd6 83. Bg3 Ke6 84. Bh2 Kf5 85. Ke3 Ne8 86. Kd3 Nf6 87. c4 Nd7 88. Bg3 Nb6 89. cxb5 cxb5 90. Bh2 Nd5 0-1

[Event "Olympiad Women 2024"]
[Site "Budapest HUN"]
[Date "2024.09.21"]
[Round "10.29"]
[Board "3"]
[White "Junior, Ednasia"]
[Black "Koljevic, Nikolina"]
[Result "0-1"]
[WhiteElo "1888"]
[BlackElo "2030"]
[PlyCount "120"]
[EventDate "2024.09.11"]
[WhiteTeam "Angola"]
[BlackTeam "Montenegro"]
[WhiteTeamCountry "ANG"]
[BlackTeamCountry "MNE"]

1. c4 e6 2. Nf3 Nf6 3. g3 d5 4. Bg2 Be7 5. O-O O-O 6. d4 dxc4 7. Ne5 Nc6 8. Nxc6 bxc6 9. Na3 Bxa3 10. bxa3 Rb8 11. Qd2 ({RR} 11. Qa4 Qxd4 12. Be3 Qb2 13. Qxc4 Nd5 14. Bxa7 Ra8 15. Bd4 Qb5 16. Qxb5 cxb5 17. Bc5 Re8 18. Rfc1 c6 19. e4 Nf6 20. f3 Bb7 21. Rd1 Red8 22. Kf2 Rd7 23. Ke3 Rad8 24. Rxd7 Rxd7 25. g4 h6 {1-0 Wang,Y (2697)-Nielsen,P (2693) Beijing Sportaccord blindfold rapid 2011 (6)}) 11... Qd7 $146 ({RR} 11... Qd6 12. Qc3 c5 13. dxc5 Qa6 14. Bf4 Bb7 15. Bxb7 Rxb7 16. Rfc1 Nd5 17. Qxc4 Qxa3 18. Bd2 c6 19. e4 Nf6 20. Kg2 h6 21. Rc2 Rd8 22. Re1 Qd3 23. Qxd3 Rxd3 24. f3 Nd7 25. Re2 Rb5 26. Be3 {½-½ Fridman,D (2620)-Ladva,O (2453) Riga Tech op 6th 2016 (4)}) ({RR} 11... c5 12. dxc5 Qxd2 13. Bxd2 Rb2 14. Ba5 Nd5 15. e4 Rb5 16. Bd2 Nf6 17. Rfc1 Rd8 18. Be3 Ng4 19. Rd1 Re8 20. Bd4 e5 21. Bc3 Rxc5 22. Rab1 a5 23. Rb8 Nf6 24. f3 h6 25. Kf2 Kf8 26. Ra8 {1-0 Kazakouski,V (2608)-Acosta Villarroel,L (2168) Titled Tue 5th Mar Early 2024 (7)}) ({RR} 11... Ba6 12. Qa5 Rb6 13. Rd1 Qc8 14. e4 h6 15. Bf4 Rd8 16. Rac1 Rb2 17. Bxc7 Rd7 18. Bf4 Ng4 19. Rd2 Rxd2 20. Qxd2 e5 21. Bh3 Rxd4 22. Qe2 exf4 23. Bxg4 Qe8 24. e5 fxg3 25. hxg3 Rd3 26. Bf5 {1-0 Einarsson,H (2215)-Audi,A (2378) Titled Tuesday intern op 17th Nov blitz 2020 (3)}) ({RR} 11... Nd5 12. Qa5 Rb6 13. e4 Nf6 14. Qxa7 Bb7 15. Bd2 Qd7 16. Qa5 Ra8 17. Qc5 Rb5 18. Qxc4 Rxa3 19. Bb4 {½-½ Da Rosa,H (1838)-Delgado,L (2150) 9th Floripa Open 2023 (6.71)}) 12. e3 Nd5 13. Qa5 Rb5 14. Qa4 Rb6 15. e4 Ra6 16. Qxc4 Nb6 17. Qc3 Na4 18. Qb4 Rd8 19. Be3 Nb6 20. Rfc1 Bb7 21. Rab1 Qd6 22. Rc5 Ba8 23. Bf1 Ra4 24. Qb3 e5 25. dxe5 Qe6 26. Rd1 Re8 27. Qxe6 fxe6 28. Rd4 Rxa3 29. Rc2 Ra5 30. f4 c5 31. Rdd2 Bxe4 32. Rxc5 Ra3 33. Bf2 Nd5 34. Bc4 Rb8 35. Bb3 Rbxb3 36. axb3 Ra1+ 37. Be1 Rxe1+ 38. Kf2 Rh1 39. h4 Rh2+ 40. Ke1 Rh1+ 41. Kf2 Rb1 42. Rb5 h5 43. Ra2 Kh7 44. Rb8 a5 45. Re8 Bf5 46. Rb8 a4 47. Rxa4 Rb2+ 48. Kg1 Bh3 49. Re4 Rg2+ 50. Kh1 Nc3 51. Re3 Nd1 52. Rf3 Nf2+ 53. Rxf2 Rxf2 54. Rb4 Rc2 55. Rd4 Kg6 56. Rd7 c5 57. Rc7 Bg2+ 58. Kg1 Bd5 59. b4 Rg2+ 60. Kf1 cxb4 0-1

[Event "Olympiad Women 2024"]
[Site "Budapest HUN"]
[Date "2024.09.21"]
[Round "10.29"]
[Board "4"]
[White "Popovic, Mateja"]
[Black "Pires, Luzia"]
[Result "1/2-1/2"]
[WhiteElo "1932"]
[BlackElo "1877"]
[PlyCount "110"]
[EventDate "2024.09.11"]
[WhiteTeam "Montenegro"]
[BlackTeam "Angola"]
[WhiteTeamCountry "MNE"]
[BlackTeamCountry "ANG"]

1. d4 Nf6 2. c4 e6 3. Nf3 b6 4. g3 Bb4+ 5. Bd2 Be7 6. Nc3 Bb7 7. Bg2 O-O 8. O-O d5 9. Ne5 c5 ({RR} 9... c6 10. Rc1 Nbd7 11. Bf4 Rc8 12. e4 dxe4 13. Nxe4 Nxe4 14. Bxe4 Nxe5 15. Bxe5 Bd6 16. c5 bxc5 17. Bxd6 Qxd6 18. dxc5 Qc7 19. Qc2 g6 20. Rfd1 Rcd8 21. Qc3 e5 22. b4 Bc8 23. Qf3 Be6 24. Qf6 {½-½ Timman,J (2630)-Berndt,S (2447) Bundesliga 0506 2005 (5.4)}) 10. dxc5 Bxc5 ({RR} 10... bxc5 11. Rc1 Nbd7 12. Bf4 Nxe5 13. Bxe5 Nd7 14. Bf4 Nb6 15. cxd5 Nxd5 16. Be5 Nxc3 17. Bxc3 Bxg2 18. Qxd8 Rfxd8 19. Kxg2 Rac8 20. Kf3 Bf6 21. Bxf6 gxf6 22. Rfd1 Rxd1 23. Rxd1 Rb8 24. Rd2 Kf8 25. Rc2 {1-0 Zareba,P (2003)-Musial,P (1786) 20th Baltic Pearl Open A 2024 (5.10)}) 11. Bg5 h6 12. Bf4 $146 ({RR} 12. Bxf6 Qxf6 13. Nd3 Bd4 14. Rc1 Na6 15. cxd5 Bxc3 16. Rxc3 Bxd5 17. Bxd5 exd5 18. Qb3 Rae8 19. Qb5 Nb8 20. Nf4 Qe5 21. Re3 a6 22. Rxe5 axb5 23. Rxd5 g5 24. Ng2 Rxe2 25. Rxb5 Nd7 26. Rd1 Rc8 {1-0 Sanchez Criado,L (2205)-Blanco Fernandez,T (2148) ESP-chT2 Vila Real 2001 (3)}) ({RR} 12. Bxf6 Qxf6 13. Nd3 Bd4 14. Nb5 Na6 15. cxd5 exd5 16. Nxd4 Qxd4 17. e3 Qf6 18. Qb3 Rfd8 19. Rfd1 Rab8 20. Qa3 Qd6 21. Qxd6 Rxd6 22. Nf4 Rbd8 23. Ne2 Nc7 24. Nd4 g6 25. Rac1 R6d7 26. Bh3 Re7 {½-½ Alvarez,R (2109)-Ortega Morales,J Villa Ballester de Invierno op 8th 2008 (4)}) ({RR} 12. Bxf6 Qxf6 13. Nd3 Bd4 14. Nb5 Na6 15. cxd5 exd5 16. Qb3 Rfd8 17. Rad1 Rd7 18. Nxd4 Qxd4 19. Nf4 Qe5 20. Nxd5 Rad8 21. Nc3 Bxg2 22. Kxg2 Rd2 23. Rxd2 Rxd2 24. Qc4 Rxb2 25. Rd1 Qc7 26. Qe4 Nc5 {½-½ Chasin,N (2392)-Arias Gaviria,M (2280) Mirandela op 3rd 2022 (3)}) 12... Nbd7 13. Nd3 Be7 14. cxd5 Nxd5 15. Nxd5 Bxd5 16. Bxd5 exd5 17. Rc1 Bg5 18. Qb3 Re8 19. Qxd5 Bxf4 20. Nxf4 Nf6 21. Qb7 Re7 22. Qf3 Rc8 23. e3 Rxc1 24. Rxc1 Rc7 25. Rxc7 Qxc7 26. Qd1 Kf8 27. Ne2 Qd7 28. Qxd7 Nxd7 29. Nd4 a5 30. f4 Nc5 31. Kf1 Ke7 32. Ke2 g6 33. a3 a4 34. Nb5 Ke6 35. Nc3 f5 36. h3 h5 37. Kd2 Kd6 38. e4 Nxe4+ 39. Nxe4+ fxe4 40. Ke3 Kd5 41. g4 hxg4 42. hxg4 b5 43. g5 Kc4 44. Kxe4 Kb3 45. f5 gxf5+ 46. Kxf5 Kxb2 47. g6 Kxa3 48. g7 b4 49. g8=Q b3 50. Qg1 Ka2 51. Qc1 a3 52. Qc4 Ka1 53. Ke4 b2 54. Qc3 Ka2 55. Qc2 Ka1 1/2-1/2

[Event "Olympiad Women 2024"]
[Site "Budapest HUN"]
[Date "2024.09.21"]
[Round "10.30"]
[Board "1"]
[White "Mendoza, Shania Mae"]
[Black "Ptacnikova, Lenka"]
[Result "0-1"]
[WhiteElo "2013"]
[BlackElo "2065"]
[PlyCount "132"]
[EventDate "2024.09.11"]
[WhiteTeam "Philippines"]
[BlackTeam "Iceland"]
[WhiteTeamCountry "PHI"]
[BlackTeamCountry "ISL"]

1. e4 e5 2. Nf3 Nf6 3. Nc3 Nc6 4. d4 exd4 5. Nxd4 Bb4 6. Nxc6 bxc6 7. Bd3 O-O 8. O-O Re8 9. Qf3 h6 10. Bf4 d6 11. h3 Bc5 $146 ({RR} 11... Bb7 12. Ne2 c5 13. Ng3 c4 14. Bxc4 Bxe4 15. Qb3 d5 16. Bb5 Bd6 17. Bxd6 Rb8 18. Qa4 Rxb5 19. Qxb5 Qxd6 20. Nxe4 Rxe4 21. Qb8+ Kh7 22. Qxa7 Qe5 23. Qa5 Qxb2 24. Qxc7 Rc4 25. Qxf7 Rxc2 26. Rab1 {1-0 Spielmann,R-Marshall,F New York International Masters-02 1927 (14)}) ({RR} 11... Rb8 12. Rad1 Nd7 13. Qg3 Qf6 14. Na4 Ne5 15. Be3 c5 16. b3 Nxd3 17. cxd3 Bd7 18. d4 c4 19. e5 Qg6 20. Qxg6 fxg6 21. exd6 cxd6 22. d5 cxb3 23. axb3 Bb5 24. Bxa7 Rb7 25. Bd4 Bxf1 26. Kxf1 {0-1 Kollars,D (2612)-Martinez Alcantara,J (2599) Titled Tuesday intern op 04th Oct Late blitz 2022 (7)}) ({RR} 11... Rb8 12. Ne2 Bc5 13. b3 Nd7 14. Be3 Ne5 15. Qg3 Bxe3 16. Qxe3 c5 17. Ng3 a5 18. Rad1 Nc6 19. a4 Nd4 20. Ne2 Nxe2+ 21. Qxe2 Rb4 22. f4 Qh4 23. Bc4 Be6 24. Bb5 Re7 25. Qf3 Rd4 26. Rxd4 {½-½ Nestorovic,N (2465)-Pap,M (2412) ch-SRB Semi-Final 2024 (5.5)}) ({RR} 11... Bd7 12. Ne2 Bc5 13. Rae1 Nh7 14. Ng3 Bd4 15. c3 Be5 16. Bc1 Be6 17. a3 Nf8 18. Qh5 Nd7 19. f4 g6 20. Qf3 Bg7 21. e5 Bd5 22. Be4 dxe5 23. Bxd5 cxd5 24. Qxd5 exf4 25. Bxf4 Ne5 26. Qa2 {0-1 Mechkarov,S-Dimitrov Krastev,K BUL-ch02 Sofia 1947 (7)}) ({RR} 11... Be6 12. Ne2 Qd7 13. Rad1 Nh7 14. a3 Bc5 15. b4 Bb6 16. e5 d5 17. c4 c5 18. Bxh7+ Kxh7 19. cxd5 Bf5 20. Ng3 Bg6 21. Rfe1 cxb4 22. axb4 Qb5 23. Qc3 Rad8 24. Qd2 a5 25. d6 axb4 26. Ne4 {½-½ Zlamana,A (1692)-Dlouhy,O (1984) Ricany op 2015 (1)}) 12. Bg3 Bd4 13. Rad1 Rb8 14. Na4 Bd7 15. c3 Be5 16. Bc2 c5 17. Rfe1 Qc8 18. Qd3 c4 19. Qe3 Bxg3 20. Qxg3 Bxa4 21. Bxa4 Rxe4 22. b3 Qe6 23. f3 Re2 24. Kf1 Rxe1+ 25. Rxe1 Qf5 26. Kg1 Qc2 27. Qf4 Qxc3 28. Rc1 Nd5 29. Rxc3 Nxf4 30. Rxc4 Ne6 31. Bc6 Kf8 32. Bd5 c5 33. Ra4 Nc7 34. Be4 a6 35. Bd3 Rb4 36. Ra5 Rb6 37. Ra4 Rb4 38. Ra5 Rb6 39. Ra4 d5 40. Kf2 Ke7 41. Ke3 Kd6 42. g3 Rb4 43. Ra5 Kc6 44. h4 Kb6 45. Ra3 a5 46. Bc2 Nb5 47. Ra4 Rxa4 48. bxa4 Nc3 49. a3 Kc6 50. Kd3 d4 51. Kc4 Kd6 52. g4 f6 53. f4 Kc6 54. g5 Kd6 55. gxh6 gxh6 56. h5 Nd5 57. Kb5 Nxf4 58. Kxa5 d3 59. Bb3 Kc6 60. Bd1 d2 61. Ka6 c4 62. a5 Nd5 63. Bc2 Nc3 64. Ka7 d1=Q 65. Bxd1 Nxd1 66. a6 Kc7 0-1

[Event "Olympiad Women 2024"]
[Site "Budapest HUN"]
[Date "2024.09.21"]
[Round "10.30"]
[Board "2"]
[White "Thorsteinsdottir, Hallgerdur"]
[Black "Frayna, Janelle Mae"]
[Result "0-1"]
[WhiteElo "1938"]
[BlackElo "2216"]
[PlyCount "112"]
[EventDate "2024.09.11"]
[WhiteTeam "Iceland"]
[BlackTeam "Philippines"]
[WhiteTeamCountry "ISL"]
[BlackTeamCountry "PHI"]

1. e4 Nf6 2. e5 Nd5 3. d4 d6 4. Nf3 g6 5. Bc4 Nb6 6. Bb3 Bg7 7. Ng5 d5 8. O-O O-O 9. c3 f6 10. exf6 exf6 11. Nf3 Bf5 $146 ({RR} 11... Be6 12. Re1 Qd7 13. Bf4 Na6 14. Nbd2 Rae8 15. a4 c6 16. Bc2 Bf7 17. b4 Nc7 18. Nb3 Nc4 19. Nc5 Qc8 20. Nd2 Rxe1+ 21. Qxe1 b6 22. Nxc4 dxc4 23. Bxc7 Re8 24. Ne4 Qxc7 25. Qf1 Qe7 26. a5 {0-1 Korensky,V-Smejkal,J Chigorin Memorial-09 1973 (13)}) ({RR} 11... Qd6 12. Nbd2 Kh8 13. Ne1 Na6 14. Nd3 Be6 15. Nf3 Rae8 16. Bf4 Qe7 17. Re1 Qf7 18. Bc2 Re7 19. b3 Nd7 20. h3 Rfe8 21. Qd2 Nf8 22. Re2 g5 23. Bg3 Bf5 24. Rxe7 Rxe7 25. Re1 Be4 26. Nh2 {0-1 Ninov,V (2195)-Dobrev,N (2310) Baharov Memorial op 1995 (6)}) 12. Bf4 Nc6 13. Re1 Qd7 14. Bc2 Rf7 15. h3 Nc4 16. b3 Nd6 17. Bxf5 Nxf5 18. Nbd2 Bf8 19. Nf1 g5 20. Bh2 h5 21. Qd3 g4 22. hxg4 hxg4 23. N3d2 Bh6 24. Ng3 Nxg3 25. Qg6+ Bg7 26. Bxg3 Ne7 27. Qh5 Qf5 28. Qxf5 Nxf5 29. Bf4 Nh4 30. Nf1 Ng6 31. Bd2 f5 32. Ne3 c6 33. g3 Bh6 34. Rad1 Kg7 35. Kg2 Rh8 36. Rh1 Nf8 37. f3 gxf3+ 38. Kxf3 Ne6 39. Ng2 Bxd2 40. Rxh8 Ng5+ 41. Ke2 Kxh8 42. Rxd2 Ne4 43. Rd3 Rg7 44. Nh4 Rg5 45. Rf3 Nxg3+ 46. Ke3 Kg7 47. Kf4 Rg4+ 48. Ke5 Re4+ 49. Kd6 Rxh4 50. Rxg3+ Kf6 51. Kc7 Rh7+ 52. Kd6 f4 53. Rf3 Kf5 54. c4 Ke4 55. Rf1 f3 56. cxd5 cxd5 0-1

[Event "Olympiad Women 2024"]
[Site "Budapest HUN"]
[Date "2024.09.21"]
[Round "10.30"]
[Board "3"]
[White "Fronda, Jan Jodilyn"]
[Black "Helgadottir, Idunn"]
[Result "1/2-1/2"]
[WhiteElo "2165"]
[BlackElo "1837"]
[PlyCount "141"]
[EventDate "2024.09.11"]
[WhiteTeam "Philippines"]
[BlackTeam "Iceland"]
[WhiteTeamCountry "PHI"]
[BlackTeamCountry "ISL"]

1. e4 c5 2. c3 Nf6 3. e5 Nd5 4. Nf3 d6 5. exd6 Qxd6 6. d4 cxd4 7. Nxd4 g6 ({RR} 7... a6 8. Na3 e6 9. Nc4 Qc7 10. a4 Bc5 11. Ne3 Nxe3 12. Bxe3 e5 13. Nc2 O-O 14. Bd3 Be6 15. O-O Nd7 16. Qe2 Rae8 17. Bc4 Bf5 18. Bxc5 Nxc5 19. Ne3 Bg6 20. a5 Kh8 21. Nd5 Qc6 22. Rfd1 {0-1 Szpar,M (2447)-Sarana,A (2685) Titled Tue 2nd May Late 2023 (3)}) 8. Be2 a6 9. Na3 ({RR} 9. O-O Bg7 10. Nd2 Nf4 11. Ne4 Nxe2+ 12. Qxe2 Qc7 13. Bg5 O-O 14. Rad1 h6 15. Bh4 f5 16. Ng3 e5 17. Nf3 e4 18. Nxe4 fxe4 19. Qxe4 Bf5 20. Qd5+ Qf7 21. Qc5 Nc6 22. Nd4 Nxd4 23. cxd4 Rac8 {0-1 Goganova,Y (1980)-Djokic,M (2158) Titled Tue 30th Jul Late 2024 (7)}) 9... Bd7 $146 ({RR} 9... Bg7 10. Ndb5 axb5 11. Nxb5 Qb6 12. Qxd5 Be6 13. Qd1 O-O 14. Be3 Qc6 15. O-O Bd5 16. Nc7 Bxg2 17. Nxa8 Nd7 18. Nc7 Ne5 19. Nb5 Nf3+ 20. Bxf3 Bxf3 21. Nd4 Bxd4 22. Qxd4 e5 23. Qxe5 Re8 24. Qg3 {1-0 Ashley,M (2435)-Kreiman,B (2400) New York Enhance 1993 (4)}) ({RR} 9... Bg7 10. Nab5 axb5 11. Nxb5 Qd8 12. Qxd5 O-O 13. Qxd8 Rxd8 14. Be3 Be6 15. a3 Na6 16. O-O Rac8 17. Rfd1 Bd5 18. Rd2 Bb3 19. Rxd8+ Rxd8 20. Bf3 Rd7 21. g3 e5 22. Be2 Nb8 23. Re1 Nc6 24. f4 {1-0 Moreda,L (2275)-Rodrigues,E Pan American-ch 1997}) 10. Nc4 Qc7 11. Nf3 Nf6 12. Be3 Nc6 13. Bb6 Qf4 14. O-O Bg7 15. Qc1 Nd5 16. Rd1 Qxc1 17. Raxc1 Nf4 18. Bf1 Bg4 19. Re1 Bxf3 20. gxf3 Nd5 21. Bc5 O-O 22. Nb6 Nxb6 23. Bxb6 Ne5 24. Kg2 Nd7 25. Ba5 e6 26. Rcd1 Nc5 27. f4 Na4 28. Re4 b5 29. Rd2 Rac8 30. Re3 Rfe8 31. Kg3 Bh6 32. Rc2 Nc5 33. Bg2 e5 34. Rxe5 Bxf4+ 35. Kxf4 Nd3+ 36. Kg3 Rxe5 37. h4 b4 38. Bb6 bxc3 39. Bd4 Ra5 40. Bxc3 Rxa2 41. Re2 Kf8 42. Re3 Nc5 43. Bd5 Ra4 44. b3 Ne4+ 45. Kg2 Nxc3 46. Bb7 Rxh4 47. Bxc8 Nd5 48. Re5 Nb4 49. Ra5 h5 50. Ra4 g5 51. Ra5 f6 52. Bxa6 Rg4+ 53. Kh2 Rf4 54. Kg2 Kf7 55. Bc4+ Ke7 56. Ra4 Nc6 57. Be2 Rxa4 58. bxa4 h4 59. f4 Nd4 60. fxg5 fxg5 61. Bg4 Kd6 62. Kh3 Ne6 63. Bf3 Kc5 64. Kg4 Kb4 65. Bc6 Kc5 66. Bd7 Kd6 67. Bc8 Nc5 68. a5 Kc7 69. Bf5 Nb3 70. Kxg5 Nxa5 71. Kxh4 1/2-1/2

[Event "Olympiad Women 2024"]
[Site "Budapest HUN"]
[Date "2024.09.21"]
[Round "10.30"]
[Board "4"]
[White "Briem, Gudrun Fanney"]
[Black "Canino, Ruelle"]
[Result "0-1"]
[WhiteElo "1764"]
[BlackElo "2004"]
[PlyCount "62"]
[EventDate "2024.09.11"]
[WhiteTeam "Iceland"]
[BlackTeam "Philippines"]
[WhiteTeamCountry "ISL"]
[BlackTeamCountry "PHI"]

1. d4 g6 2. c4 Bg7 3. Nc3 d6 4. e4 Nd7 5. Nf3 e5 6. dxe5 dxe5 7. Be2 Ngf6 8. O-O O-O 9. Bg5 h6 10. Bxf6 Qxf6 11. b4 ({RR} 11. Nd5 Qd8 12. Qc2 c6 13. Ne3 Qe7 14. Rad1 a5 15. Rd2 Nc5 16. Re1 f5 17. exf5 gxf5 18. Nf1 e4 19. Nd4 Bd7 20. Nb3 Be6 21. Nd4 Bd7 22. Nb3 Ne6 23. Red1 Be8 24. Ng3 a4 25. Nc1 c5 {0-1 Magrin,A (2200)-Martinovic,S (2475) Caorle op 1981 (3)}) ({RR} 11. Nd5 Qd8 12. Nd2 c6 13. Nc3 a5 14. Qc2 Nc5 15. Rad1 Ne6 16. Nf3 Qe7 17. Rfe1 Nf4 18. Na4 Bg4 19. c5 Rad8 20. Rxd8 Rxd8 21. Rd1 Rxd1+ 22. Qxd1 {0-1 Adeshole Beckley,B (1814)-Escalona Landi,S (2305) 45th Olympiad 2024 (1.67)}) 11... c6 12. Qb3 $146 ({RR} 12. Qd2 Rd8 13. Rfd1 Bf8 14. Qb2 Be7 15. Rd2 Nf8 16. Rxd8 Bxd8 17. Rd1 Bc7 18. a4 Bg4 19. Rd3 Rd8 20. Qd2 Rxd3 21. Qxd3 Qe7 22. c5 Ne6 23. Nd2 Nf4 24. Qe3 Bxe2 25. Nxe2 Nxe2+ 26. Qxe2 {½-½ Kaltenbach,A-Balzer,L Verbandsliga Nord Baden 9596 1995 (1.8)}) ({RR} 12. Qd2 Re8 13. c5 Nf8 14. Bc4 Ne6 15. Bxe6 Bxe6 16. Rfd1 a5 17. a3 Red8 18. Qe2 axb4 19. axb4 Qe7 20. Rxd8+ Rxd8 21. Rb1 Qc7 22. h3 Ra8 23. Qb2 Bc4 24. Nd2 Bd3 25. Rd1 Rd8 26. Qb3 Ba6 {0-1 Jorgensen,A (1974)-Zhelnin,V (2453) WchT Seniors 65 2018 (1.1)}) 12... Re8 13. Rac1 Nf8 14. Rfd1 Ne6 15. Bf1 g5 16. Ne2 g4 17. Nd2 h5 18. c5 Bh6 19. Rb1 Ng5 20. Qc3 h4 21. f4 gxf3 22. gxf3 Nh3+ 23. Bxh3 Bxh3 24. Kf2 Kh7 25. Nc4 Bf4 26. Ng1 Be6 27. h3 Rg8 28. Ne2 Bxh3 29. Rh1 Bg2 30. Rbg1 h3 31. Nd6 Qh4+ 0-1

[Event "Olympiad Women 2024"]
[Site "Budapest HUN"]
[Date "2024.09.21"]
[Round "10.31"]
[Board "1"]
[White "Cordero, Daniela"]
[Black "Sulyok, Eszter"]
[Result "1-0"]
[WhiteElo "2017"]
[BlackElo "2080"]
[PlyCount "85"]
[EventDate "2024.09.11"]
[WhiteTeam "Bolivia"]
[BlackTeam "Hungary C"]
[WhiteTeamCountry "BOL"]

1. d4 Nf6 2. Nf3 e6 3. e3 d5 4. Bd3 c5 5. b3 cxd4 6. exd4 Bb4+ 7. c3 Bd6 8. O-O O-O 9. Re1 ({RR} 9. c4 dxc4 10. bxc4 Nc6 11. Bb2 b6 12. Qe2 Ba6 13. Nbd2 Rc8 14. Rfd1 Rc7 15. Rac1 Bf4 16. g3 Bxd2 17. Rxd2 Re8 18. Ne5 Nxe5 19. dxe5 Nd7 20. Rcd1 Qe7 21. Qe3 Qc5 22. Bxh7+ Kxh7 23. Qe4+ Kg8 {½-½ Sargsyan,A (2371)-Tworuszka,M (2260) Titled Tue 27th Aug Late 2024 (4)}) 9... h6 10. Ne5 Nc6 11. Qf3 $146 ({RR} 11. f4 Nd7 12. Qh5 Be7 13. Nd2 Ncxe5 14. fxe5 f5 15. Qg6 Rf7 16. Nf3 Nf8 17. Qg3 g5 18. h3 Rg7 19. Bd2 h5 20. Re2 g4 21. Bh6 Rg6 22. Bxf8 Kxf8 23. hxg4 hxg4 24. Nh2 Bh4 25. Qf4 Bg5 {1-0 Wang,R (2318)-Ye,H (1670) CAN-ch U12 Windsor 2010 (2)}) 11... Ne8 12. Qh3 f5 13. Ba3 a6 14. Bxd6 Nxd6 15. Nxc6 bxc6 16. Qe3 Qh4 17. f3 a5 18. a4 f4 19. Qe2 Nf5 20. Nd2 Qe7 21. Nf1 c5 22. Qe5 Qa7 23. dxc5 Qxc5+ 24. Kh1 Ne7 25. Rac1 Bd7 26. Nd2 Nc6 27. Qe2 Rae8 28. Bb1 e5 29. b4 axb4 30. cxb4 Qxb4 31. Qd3 Qd6 32. Nc4 Qe6 33. Nb6 e4 34. fxe4 Ne5 35. Qxd5 f3 36. Nxd7 Qxd5 37. exd5 f2 38. Nxf8 Nd3 39. Rf1 Nxc1 40. Ne6 Ne2 41. Rxf2 Nc3 42. Bg6 Rc8 43. Rc2 1-0

[Event "Olympiad Women 2024"]
[Site "Budapest HUN"]
[Date "2024.09.21"]
[Round "10.31"]
[Board "2"]
[White "Gombocz, Zsofia"]
[Black "Monroy G., Nataly A."]
[Result "1/2-1/2"]
[WhiteElo "2061"]
[BlackElo "1939"]
[PlyCount "102"]
[EventDate "2024.09.11"]
[WhiteTeam "Hungary C"]
[BlackTeam "Bolivia"]
[BlackTeamCountry "BOL"]

1. e4 c5 2. Nf3 g6 3. Bc4 Bg7 4. c3 e6 5. d4 cxd4 6. Nxd4 a6 7. O-O Qc7 8. Bb3 Ne7 9. Bg5 Nbc6 ({RR} 9... Qe5 10. f4 Qc5 11. f5 gxf5 12. Be3 f4 13. Rxf4 Qc7 14. Nd2 Ng6 15. Rf3 Nc6 16. Nxc6 bxc6 17. Nc4 d5 18. exd5 cxd5 19. Nb6 Rb8 20. Nxc8 Rxc8 21. Qe2 Qc6 22. Raf1 Rc7 23. Rh3 Kf8 24. Bc2 {1-0 Smirin,I (2607)-Guseinov,G (2666) Wch Rapid Moscow 2019 (4)}) 10. Nd2 Nxd4 $146 ({RR} 10... O-O 11. Nxc6 dxc6 12. Nc4 b5 13. Qd6 Ra7 14. Qxc7 Rxc7 15. Nd6 c5 16. Nxc8 Rfxc8 17. Rab1 Nc6 18. Bd1 b4 19. Be2 a5 20. Rfc1 Rb8 21. cxb4 Nxb4 22. Bf4 e5 23. Bd2 Nxa2 24. Rc4 Nb4 25. Ra1 {1-0 Delgado Ramirez,N (2604)-Rodriguez Vila,A (2444) Antofagasta Zicosur op 1st 2015 (2)}) ({RR} 10... O-O 11. N2f3 d5 12. exd5 Nxd5 13. Bxd5 exd5 14. Qd2 Re8 15. h3 Na5 16. Rfe1 Bd7 17. Bf4 Qb6 18. b3 Nc6 19. Be3 Qa5 20. Nxc6 bxc6 21. Bd4 Bxd4 22. cxd4 Qxd2 23. Nxd2 a5 24. a3 Rxe1+ 25. Rxe1 {½-½ Das,A (2439)-Afek,Y (2298) Dieren op 2014 (9)}) ({RR} 10... O-O 11. N2f3 h6 12. Bh4 b5 13. Qd2 Bb7 14. Rad1 Nxd4 15. Nxd4 Nc6 16. Bg3 Qb6 17. Nc2 Na5 18. Bd6 Rfc8 19. e5 Nc4 20. Bxc4 Rxc4 21. Rfe1 h5 22. Ne3 Rcc8 23. f3 a5 24. a3 Re8 25. Kh1 {1-0 Sorensen,J (2406)-Matthiesen,A (2294) DEN-chT 1819 57th 2018 (4.2)}) 11. cxd4 Bxd4 12. Nc4 Nc6 13. Bh6 b5 14. Ne3 Bb7 15. Qe2 O-O-O 16. a4 b4 17. Rac1 Kb8 18. h3 f5 19. Nc2 Qe5 20. Qd2 Ka8 21. Bf4 Qc5 22. Ne3 Bxe3 23. Bxe3 Qe5 24. Bf4 Qd4 25. Qxd4 Nxd4 26. Bc4 Nc6 27. e5 h6 28. Rfe1 g5 29. Be3 Nxe5 30. Bd4 Nxc4 31. Bxh8 Rxh8 32. Rxc4 b3 33. Rd1 Bc6 34. Rb4 Rb8 35. Rdd4 Ka7 36. a5 Rb5 37. Rxb5 axb5 38. Rb4 Ka6 39. Rxb3 Kxa5 40. g3 b4 41. Re3 Kb5 42. f4 gxf4 43. gxf4 Kc4 44. Kf2 Kd4 45. Rb3 Kc4 46. Re3 h5 47. Kg3 Kd4 48. Rb3 Kc4 49. Re3 Kd4 50. Rb3 Kc4 51. Re3 Kd4 1/2-1/2

[Event "Olympiad Women 2024"]
[Site "Budapest HUN"]
[Date "2024.09.21"]
[Round "10.31"]
[Board "3"]
[White "Gareca Ordonez, Carla Angelica"]
[Black "Nandin-Erdene, Davaademberel"]
[Result "0-1"]
[WhiteElo "1778"]
[BlackElo "2039"]
[PlyCount "56"]
[EventDate "2024.09.11"]
[WhiteTeam "Bolivia"]
[BlackTeam "Hungary C"]
[WhiteTeamCountry "BOL"]

1. Nf3 d5 2. g3 Nf6 3. Bg2 e6 4. O-O Be7 5. d3 O-O 6. Nbd2 c5 7. e4 Nc6 8. e5 Nd7 9. Re1 Qc7 10. Qe2 b5 11. Nf1 Bb7 12. h4 Rfc8 13. c3 a5 14. a3 b4 15. N1h2 bxa3 16. bxa3 a4 17. Bf4 Qd8 18. Ng5 h6 19. Qh5 hxg5 20. hxg5 Nf8 21. Bh3 $146 ({RR} 21. Ng4 Ng6 22. Bf3 d4 23. Kg2 Na5 24. Rh1 Bxf3+ 25. Kxf3 Qd5+ 26. Ke2 Bd8 27. Nf6+ gxf6 28. Qh7+ Kf8 29. gxf6 Bxf6 30. exf6 Ke8 31. Qg8+ Nf8 32. Rh8 Kd7 33. Qxf7+ Kc6 34. c4 Qd7 35. Qh5 e5 {1-0 Klabis,R (2353)-Galchenko,M (2437) Titled Tuesday intern op 30th Nov blitz 2021 (2)}) 21... Ba6 22. Rad1 Qe8 23. Ng4 f5 24. Qxe8 Rxe8 25. Ne3 Ng6 26. Kg2 d4 27. cxd4 cxd4 28. Nc2 Rab8 0-1